| 000 | 00588cab a2200229 4500 | ||
|---|---|---|---|
| 001 | X98337 | ||
| 008 | 090401t1999 xxu||||| |||| 00| 0 eng d | ||
| 035 | _a(Sirsi) u93049 | ||
| 041 | _aeng | ||
| 245 | _aGedaljahu Ebert v Trevor Nigel Birch and others | ||
| 260 | _c1999 | ||
| 350 | _a0 | ||
| 490 |
_aNew Property Cases _v[1999] NPC 46 |
||
| 650 | _aABUSE OF PROCESS | ||
| 650 | _aCIVIL PROCEDURE | ||
| 650 | _aGEDALJAHU EBERT V TREVOR NIGEL BIRCH AND OTHERS | ||
| 650 | _aHIGH COURT | ||
| 650 | _aLITIGATION | ||
| 690 | _aLAW-CASE LAW | ||
| 942 | _n0 | ||
| 948 | _c29/04/1999 | ||
| 999 |
_c58973 _d58973 |
||